Bài tập toán học cao cấp : Dùng cho sinh viên các trường ĐH kỹ thuật công nghiệp / Tập 2
Đề cập đến Hàm nhiều biến; Hình học vi phân; PP vi phân; Tích phân bội....
Đã lưu trong:
| Tác giả chính: | |
|---|---|
| Định dạng: | Sách |
| Năm xuất bản: |
H.
Giáo dục,
1997.
|
| Phiên bản: | In lần thứ 5 |
| Chủ đề: | |
| Tags: |
Thêm thẻ
Không có thẻ, Hãy là người đầu tiên gắn thẻ bản ghi này!
|
| LEADER | 01775nam a2200241 4500 | ||
|---|---|---|---|
| 082 | |a 510.76 |b Đ312B | ||
| 100 | |a Đinh Bạt Thẩm | ||
| 245 | |a Bài tập toán học cao cấp : Dùng cho sinh viên các trường ĐH kỹ thuật công nghiệp / |c Đinh Bạt Thẩm, Nguyễn Phú Trường |n Tập 2 | ||
| 250 | |a In lần thứ 5 | ||
| 260 | |a H. |b Giáo dục, |c 1997. | ||
| 300 | |a 220 tr |c 19 cm | ||
| 520 | |a Đề cập đến Hàm nhiều biến; Hình học vi phân; PP vi phân; Tích phân bội.... | ||
| 653 | |a Toán học | ||
| 653 | |a Toán cao cấp | ||
| 653 | |a Bài tập | ||
| 942 | |2 ddc |c STK0 | ||
| 999 | |c 6469 |d 6469 | ||
| 952 | |0 0 |1 0 |2 ddc |4 0 |6 510_760000000000000_Đ312B |7 0 |8 600 |9 59803 |a qbu |b qbu |c D3 |d 2015-01-17 |g 7000 |o 510.76 Đ312B |p 6081.c1 |r 0000-00-00 |w 2015-01-17 |y STK0 |0 0 |6 510_760000000000000_Đ312B | ||
| 952 | |0 0 |1 0 |2 ddc |4 0 |6 510_760000000000000_Đ312B |7 0 |8 600 |9 59804 |a qbu |b qbu |c D3 |d 2015-01-17 |g 7000 |o 510.76 Đ312B |p 6081.c2 |r 0000-00-00 |w 2015-01-17 |y STK0 |0 0 |6 510_760000000000000_Đ312B | ||
| 952 | |0 0 |1 0 |2 ddc |4 0 |6 510_760000000000000_Đ312B |7 0 |8 600 |9 59805 |a qbu |b qbu |c D3 |d 2015-01-17 |g 7000 |l 2 |m 1 |o 510.76 Đ312B |p 6081.c3 |r 2015-06-15 |s 2015-06-03 |w 2015-01-17 |y STK0 |0 0 |6 510_760000000000000_Đ312B | ||
| 952 | |0 0 |1 0 |2 ddc |4 0 |6 510_760000000000000_Đ312B |7 0 |8 600 |9 59806 |a qbu |b qbu |c D3 |d 2015-01-17 |g 7000 |o 510.76 Đ312B |p 6081.c4 |r 0000-00-00 |w 2015-01-17 |y STK0 |0 0 |6 510_760000000000000_Đ312B | ||
| 952 | |0 0 |1 0 |2 ddc |4 0 |6 510_760000000000000_Đ312B |7 0 |8 600 |9 59807 |a qbu |b qbu |c D3 |d 2015-01-17 |g 7000 |o 510.76 Đ312B |p 6081.c5 |r 0000-00-00 |w 2015-01-17 |y STK0 |0 0 |6 510_760000000000000_Đ312B | ||
| 952 | |0 0 |1 0 |2 ddc |4 0 |6 510_760000000000000_Đ312B |7 0 |8 600 |9 59808 |a qbu |b qbu |c D3 |d 2015-01-17 |g 7000 |o 510.76 Đ312B |p 6081.c6 |r 0000-00-00 |w 2015-01-17 |y STK0 |0 0 |6 510_760000000000000_Đ312B | ||